| 000 | 01168nam a2200289 c 4500 | ||
|---|---|---|---|
| 003 | BLK | ||
| 005 | 20180422114625.0 | ||
| 008 | 180411b bul|||||r ||||||| ||bul|| | ||
| 010 | _aKNG00182427000 | ||
| 040 | _aBLK | ||
| 041 |
_aBUL _cBUL |
||
| 080 |
_aБългарска литература _b821.163.2 _x-1 _z821.163.2-1 |
||
| 700 | 1 |
_aБандеров, Александър Костадинов _eсъстав. _9383065 |
|
| 700 | 1 |
_aТонев, Добромир Маринов _eсъстав. _9365022 |
|
| 139 |
_aТвой един син, Българийо _bТ 44 |
||
| 245 | 1 | 0 |
_aТвой един син, Българийо _bПоет. антология за Васил Левски _cсъстав. Александър Костадинов Бандеров; състав. Добромир Маринов Тонев. |
| 257 | _aBGR | ||
| 260 |
_аПловдив _bХристо Г. Данов _c1987 |
||
| 300 |
_a152 с. _c21 см |
||
| 380 | _aX | ||
| 500 | _a7 137 тир. | ||
| 852 | _aЦб 148615 | ||
| 856 | 4 |
_qpdf _u |
|
| 856 | 4 |
_qpdf _u |
|
| 942 |
_cKNG _n0 |
||
| 944 |
_aCR _c23.09.2015 _kКамелия_Данева |
||
| 944 |
_aED _c13.09.2017 _kСевдалина_Василева |
||
| 999 |
_c173982 _d173982 |
||